<?xml version="1.0" encoding="UTF-8"?>
<collection xmlns:xsi="http://www.w3.org/2001/XMLSchema-instance" xsi:schemaLocation="http://www.loc.gov/MARC21/slim http://www.loc.gov/standards/marcxml/schema/MARC21slim.xsd" xmlns="http://www.loc.gov/MARC21/slim">
 <record>
  <leader>00000nam a22000004a 4500</leader>
  <controlfield tag="001">UP-1686042739784849070</controlfield>
  <controlfield tag="003">Buklod</controlfield>
  <controlfield tag="005">20241018134503.0</controlfield>
  <controlfield tag="006">m     |  | |      </controlfield>
  <controlfield tag="007">ta</controlfield>
  <controlfield tag="008">241018s2023    ph a    rb   |000 0|fil d</controlfield>
  <datafield tag="020" ind1=" " ind2=" ">
   <subfield code="a">9786214510337</subfield>
  </datafield>
  <datafield tag="037" ind1=" " ind2=" ">
   <subfield code="a">BC-74587</subfield>
   <subfield code="b">SERV Enterprises</subfield>
   <subfield code="c">Php680.00</subfield>
   <subfield code="n">The UP Baguio Library</subfield>
  </datafield>
  <datafield tag="040" ind1=" " ind2=" ">
   <subfield code="a">BAG</subfield>
   <subfield code="e">rda</subfield>
  </datafield>
  <datafield tag="041" ind1="0" ind2=" ">
   <subfield code="a">fil</subfield>
  </datafield>
  <datafield tag="090" ind1=" " ind2="0">
   <subfield code="a">PN 1993.8 P5</subfield>
   <subfield code="b">D45 2023</subfield>
  </datafield>
  <datafield tag="100" ind1="1" ind2=" ">
   <subfield code="a">De Leon, Elmer B.</subfield>
   <subfield code="e">author.</subfield>
  </datafield>
  <datafield tag="245" ind1="1" ind2="0">
   <subfield code="a">Sinesosyedad</subfield>
   <subfield code="b">panunuri ng piling pelikulang panlipunan</subfield>
   <subfield code="c">Elmer B. De Leon.</subfield>
  </datafield>
  <datafield tag="246" ind1="3" ind2="0">
   <subfield code="a">Panunuri ng piling pelikulang panlipunan.</subfield>
  </datafield>
  <datafield tag="264" ind1=" " ind2="1">
   <subfield code="a">Quezon City, Metro Manila, Philippines</subfield>
   <subfield code="b">Lorimar Publishing Inc.</subfield>
   <subfield code="c">[2023]</subfield>
  </datafield>
  <datafield tag="300" ind1=" " ind2=" ">
   <subfield code="a">xiv, 162 pages</subfield>
   <subfield code="b">illustrations</subfield>
   <subfield code="c">26 cm</subfield>
  </datafield>
  <datafield tag="336" ind1=" " ind2=" ">
   <subfield code="a">text</subfield>
   <subfield code="2">rdacontent</subfield>
  </datafield>
  <datafield tag="337" ind1=" " ind2=" ">
   <subfield code="a">unmediated</subfield>
   <subfield code="2">rdamedia</subfield>
  </datafield>
  <datafield tag="338" ind1=" " ind2=" ">
   <subfield code="a">volume</subfield>
   <subfield code="2">rdacarrier</subfield>
  </datafield>
  <datafield tag="500" ind1=" " ind2=" ">
   <subfield code="a">&quot;PAFTE Project WRITE; OBE-&amp;PPST-based.&quot;</subfield>
  </datafield>
  <datafield tag="504" ind1=" " ind2=" ">
   <subfield code="a">Includes bibliographical references (pages 160-162).</subfield>
  </datafield>
  <datafield tag="505" ind1="0" ind2=" ">
   <subfield code="a">Ang Pelikula at Kasanayang Panonood Bilang Input at Proseso ng Panunuri -- Teoryang Pampanitikan Bilang Saligan ng Panunuring Pampelikula -- Teoryang Formalismo sa Panunuring Pampelikula -- Isang Pagsilip sa Pelikulang Magnifico Bilang Panimulang Panunuring Formalistiko -- Konsepto at Perspektibong Feminismo -- Konsepto at Perspektibong Queer -- Konsepto at Perspektibo Hinggil sa Pag-ibig -- Konsepto at Perspektibong Pampamilya -- Konsepto at Perspektibong DIaspora -- Konsepto at Perspektibong Migrasyon -- Konsepto at Perspektibong Pangkultura -- Konsepto at Perspektibong Pangkalikasan -- Konsepto at Perspektibong Pangsosyo-Pulitika at Kasaysayan -- Konsepto at Perspektibong Teknolohiya sa Ekonomiya, Midya at Akademya -- Konsepto at Perspektibong Pandemya -- Pangwakas na Gawain.</subfield>
  </datafield>
  <datafield tag="520" ind1=" " ind2=" ">
   <subfield code="a">&quot;Ito ay isang awtput ng Project WRITE (Writing Resources for Innovative Teacher Education) na nagsimula noong Agosto 04, 2006 nang ang pamunuan at kasapi ng Philippine Association for Teacher Education (PAFTE) mula Luzon, Visayas at Mindanao ay nagkasama-sama upang magtaguyod ng isang gawaing pagsulat ng teksbuk.&quot;--Paunang salita.</subfield>
  </datafield>
  <datafield tag="650" ind1=" " ind2="0">
   <subfield code="a">Motion Pictures</subfield>
   <subfield code="x">Study and teaching</subfield>
   <subfield code="z">Philippines.</subfield>
  </datafield>
  <datafield tag="650" ind1=" " ind2="0">
   <subfield code="a">Film criticism</subfield>
   <subfield code="z">Philippines.</subfield>
  </datafield>
  <datafield tag="650" ind1=" " ind2="0">
   <subfield code="a">Motion Pictures</subfield>
   <subfield code="x">History and Criticism</subfield>
   <subfield code="z">Philippines.</subfield>
  </datafield>
  <datafield tag="905" ind1=" " ind2=" ">
   <subfield code="a">FI</subfield>
  </datafield>
  <datafield tag="852" ind1="0" ind2=" ">
   <subfield code="a">UPBAG</subfield>
   <subfield code="b">UPBAG-MAIN</subfield>
   <subfield code="h">PN 1993.8 P5</subfield>
   <subfield code="i">D45 2023</subfield>
  </datafield>
  <datafield tag="942" ind1=" " ind2=" ">
   <subfield code="a">Book</subfield>
  </datafield>
 </record>
</collection>
